书目信息 |
| 题名: |
融合班的理念與實務
|
|
| 作者: | 吴淑美 著 | |
| 分册: | ||
| 出版信息: | 台北 心理出版社 2004 |
|
| 页数: | 524页 | |
| 开本: | 23cm | |
| 丛书名: | 障礙教育 | |
| 单 册: | ||
| 中图分类: | G622.41 , G76 | |
| 科图分类: | ||
| 主题词: | 小学--教学法 , 特殊教育--教育法 | |
| 电子资源: | ||
| ISBN: | 957-702-655-9 | |
| 000 | 00810oam2 2200289 450 | |
| 001 | 1572160824 | |
| 005 | 20150201170731.93 | |
| 010 | @a957-702-655-9@dTWD550.00 | |
| 100 | @a20050411d2004 ekmy0chiy0121 ea | |
| 101 | 0 | @achi |
| 102 | @aCN@b710000 | |
| 105 | @aak a 000yy | |
| 200 | 1 | @a融合班的理念與實務@9rong he ban de li nian yu shi wu@f吳淑美著 |
| 210 | @a台北@c心理出版社@d2004 | |
| 215 | @a524页@c图@d23cm | |
| 225 | 2 | @a障礙教育@9zhang ai jiao yu@v45 |
| 320 | @a有书目(第523-524页) | |
| 461 | 0 | @12001 @a障礙教育 |
| 518 | 1 | @a融合班的理念与实务 |
| 606 | 0 | @a小学@x教学法 |
| 606 | 0 | @a特殊教育@x教育法 |
| 690 | @aG622.41@v5 | |
| 690 | @aG76@v5 | |
| 701 | 0 | @a吴淑美@9wu shu mei@4著 |
| 730 | 1 | @a吳淑美@9wu shu mei@4著 |
| 801 | 0 | @aCN@bTSSF@c20150201 |
| 905 | @aZUCC@dG622.41@eJY1 | |
| 融合班的理念與實務/吳淑美著.-台北:心理出版社,2004 |
| 524页:图;23cm.-(障礙教育;45) |
| ISBN 957-702-655-9:TWD550.00 |
| ● |
| 相关链接 |
|
|
|
|
正题名:融合班的理念與實務
索取号:G622.41/JY1
 
预约/预借
| 序号 | 登录号 | 条形码 | 馆藏地/架位号 | 状态 | 备注 |
| 1 | 7864261 | 278642612 | 学院路分馆/ [索取号:G622.41/JY1] | 在馆 | |
| 2 | 7864262 | 278642621 | 学院路分馆/ [索取号:G622.41/JY1] | 在馆 |